| 000 | 01479cam a22003491 4500 | ||
|---|---|---|---|
| 001 | 200448850 | ||
| 003 | TR-AnTOB | ||
| 005 | 20251226142224.0 | ||
| 007 | ta | ||
| 008 | 801015r19601957tu b b i000 0 eng | ||
| 010 | _a 60042695 | ||
| 035 | _a(OCoLC)6828568 | ||
| 040 |
_aDLC _beng _erda _cViBlbV _dDLC _dTR-AnTOB |
||
| 041 | 0 | _aeng | |
| 042 | _apremarc | ||
| 050 | 0 | 0 |
_aTN111 _b.U6 1960 |
| 090 |
_aTOBBK TN111 _b.U6 1960 |
||
| 110 | 2 |
_aUnited States of America Operations Mission to Turkey _bOperations Mission to Turkey. _9133704 |
|
| 245 | 1 | 2 |
_aA guide to the known minerals of Turkey. _cRev. by C. W. Ryan, mining engineer, December 1957. Reprint [with minor changes] April 1960; Mineral Research and Exploration Institute of Turkey and the Office of International Economic Cooperation, Ministry of Foreign Affairs in cooperation with the U. S. Operations Mission to Turkey, International Cooperation Administration. |
| 264 | 1 |
_aAnkara : _bInternational Cooperation, _c1957. |
|
| 300 |
_aviii, 196 pages : _bcolors, maps, _c27 cm |
||
| 336 |
_atext _btxt _2rdacontent |
||
| 337 |
_aunmediated _bn _2rdamedia |
||
| 338 |
_avolume _bnc _2rdacarrier |
||
| 650 | 0 |
_aMines and mineral resources _zTurkey _9100125 |
|
| 650 | 0 |
_aMineral industries _zTurkey _944239 |
|
| 700 | 1 |
_aRyan, C. W. _q(Christopher Winfree), _d1898- _9133705 |
|
| 710 | 2 |
_aMaden Tetkik ve Arama Enstitüsü (Turkey) _962292 |
|
| 942 |
_2z _cBK |
||
| 999 |
_c200448850 _d67062 |
||